| 000 | 00537nam a2200181Ia 4500 | ||
|---|---|---|---|
| 003 | IN-BaIIA | ||
| 008 | 211028s9999 xx 000 0 eng d | ||
| 040 | _cIIA Library | ||
| 080 |
_a083.8:524 _bLUY |
||
| 100 |
_aLuyten, Willem J. _96551 |
||
| 245 | 0 |
_aLHS catalogue _cWillem J. Luyten |
|
| 250 | _a2nd ed. | ||
| 260 |
_aMinneapolis _bUniversity of Minnesota Press _c1979 |
||
| 300 | _a100p. | ||
| 650 | _aAstronomy and Astrophysics Thesaurus | ||
| 650 |
_aCatalogue-Stars _9966 |
||
| 942 | _cBK | ||
| 999 |
_c7244 _d7244 |
||